| 000 | 00000nam##2200000za#4500 |
| 001 | 9.638918 |
| 003 | CaOODSP |
| 005 | 20210624221919 |
| 007 | cr ||||||||||| |
| 008 | 150407|2002||||xxc|||||o f|0| 0 fre|d |
| 040 | |aCaOODSP|bfre |
| 043 | |an-cn--- |
| 086 | 1 |aBT43-108/2002F-PDF |
| 110 | 1 |aCanada. |bConseil du trésor. |
| 245 | 10|aL'Étude conjointe de l'AFPC et du SCT sur l'emploi pour une période déterminée : |h[ressource électronique]|brapport |
| 260 | |aOttawa - Ontario : |bSecrétariat du Conseil du Trésor du Canada |cAoût 2002. |
| 300 | |a270p.|bgraphiques, tableaux |
| 500 | |aLe nº de catalogue (BT43-108/2002) et l'ISBN (0-662-66739-5) de l'édition imprimée bilingue ont été incorrectement copiés dans cette édition électronique. |
| 590 | |a12-01-Supp|b2012-01-13 |
| 691 | 07|aEmploi temporaire|2gcpds |
| 691 | 07|aEnquête|2gcpds |
| 691 | 07|aFonction publique|2gcpds |
| 775 | 08|tThe Joint PSAC/TBS Term Employment Study : |w(CaOODSP)9.694745 |
| 776 | 0#|tThe Joint PSAC/TBS Term Employment Study |w(CaOODSP)9.663933 |
| 776 | 0#|tL'Étude conjointe de l'AFPC et du SCT sur l'emploi pour une période déterminée |w(CaOODSP)9.663934 |
| 856 | 40|ahttp://publications.gc.ca|qPDF|s2.20 Mo|uhttps://publications.gc.ca/collections/Collection/BT43-108-2002F.pdf |